<?xml version="1.0" encoding="UTF-8"?>
<collection xmlns="http://www.loc.gov/MARC21/slim">
 <record>
  <leader>00651nam  2200265#c 4500</leader>
  <controlfield tag="001">UMA-8346</controlfield>
  <controlfield tag="003">UMA</controlfield>
  <controlfield tag="005">20230415    193627</controlfield>
  <controlfield tag="008">030520suuuu####sp###########||||#0#spa#d</controlfield>
  <datafield tag="336" ind1=" " ind2=" ">
   <subfield code="a">texto</subfield>
  </datafield>
  <datafield tag="337" ind1=" " ind2=" ">
   <subfield code="a">no mediado</subfield>
  </datafield>
  <datafield tag="338" ind1=" " ind2=" ">
   <subfield code="a">volumen</subfield>
  </datafield>
  <datafield tag="901" ind1=" " ind2=" ">
   <subfield code="a">6523e</subfield>
  </datafield>
  <datafield tag="020" ind1=" " ind2=" ">
   <subfield code="a">8489660689</subfield>
  </datafield>
  <datafield tag="080" ind1=" " ind2=" ">
   <subfield code="a">004.6</subfield>
  </datafield>
  <datafield tag="092" ind1=" " ind2=" ">
   <subfield code="a">004.6</subfield>
  </datafield>
  <datafield tag="245" ind1=" " ind2=" ">
   <subfield code="a">Ejercicios de tratamiento de la señal</subfield>
   <subfield code="b">utilizando MATLAB V.4</subfield>
  </datafield>
  <datafield tag="100" ind1=" " ind2=" ">
   <subfield code="a">Burrus</subfield>
   <subfield code="b">C. Sidney</subfield>
  </datafield>
  <datafield tag="100" ind1=" " ind2=" ">
   <subfield code="a">McClellan</subfield>
   <subfield code="b">James H.</subfield>
  </datafield>
  <datafield tag="100" ind1=" " ind2=" ">
   <subfield code="a">Oppenheim</subfield>
   <subfield code="b">Alan V.</subfield>
  </datafield>
  <datafield tag="650" ind1=" " ind2=" ">
   <subfield code="a">Redes y comunicaciones</subfield>
  </datafield>
  <datafield tag="041" ind1=" " ind2=" ">
   <subfield code="a">spa</subfield>
  </datafield>
  <datafield tag="044" ind1=" " ind2=" ">
   <subfield code="a">sp#</subfield>
  </datafield>
  <datafield tag="300" ind1=" " ind2=" ">
   <subfield code="a">421 p. : gráf.</subfield>
  </datafield>
  <datafield tag="260" ind1=" " ind2=" ">
   <subfield code="a">Madrid</subfield>
   <subfield code="b">Prentice Hall</subfield>
   <subfield code="c">1998</subfield>
  </datafield>
 </record>
</collection>
Cannot write session to /tmp/vufind_sessions/sess_ve6n2sveoopvlh0don6jn1rf4d
